Detalles MARC
| 000 -LIDER |
| fixed length control field |
00828nam a2200253 a 4500 |
| 001 - NÚMERO DE CONTROL |
| Identificador de número de control |
000038019 |
| 003 - IDENTIFICACDOR DE NÚMERO DE CONTROL |
| control field |
DO-SdBNP |
| 005 - DATE AND TIME OF LATEST TRANSACTION |
| control field |
20171101125116.0 |
| 007 - CAMPOS FIJOS DE DESCRIPCIÓN FÍSICA |
| fixed length control field |
000038019 |
| 008 - ELEMENTOS DE LONGITUD FIJA |
| fixed length control field |
130312s2007 dr 000 0 spa d |
| 020 ## - ISBN |
| International Standard Book Number |
9789945000955 |
| 040 ## - FUENTE DE CATALOGACIÓN |
| Agencia que crea de manera original el registro |
BPMET |
| Idioma de catalogación |
spa |
| Agencia que realiza la transcripción |
BPMET |
| 100 1# - ASIENTO PRINCIPAL -- NOMBRE PERSONAL |
| Nombre personal |
Peña Nina, Domingo |
| 245 10 - MENCIÓN DE TITULO |
| Título |
Jornadas : |
| Subtítulo |
reflexiones esperanzadoras / |
| Mención de responsabilidad |
Domingo Peña Nina. |
| 260 ## - PUBLICACIÓN, DISTRIBUCIÓN, ETC. (PIE DE IMPRENTA) |
| Lugar de publicación, distribución, etc |
Santo Domingo : |
| Nombre del editor, distribuidor, etc. |
Peña Nina , |
| Fecha de publicación, distribución, etc |
2007. |
| 300 ## - DESCRIPCIÓN FÍSICA |
| Extensión |
317 p. : |
| Dimensiones |
23 cm. |
| 500 ## - NOTA GENERAL |
| Nota general |
Incluye biografía del autor en la solapa de la cubierta |
| 930 #1 - EQUIVALENCE OR CROSS-REFERENCE-UNIFORM TITLE HEADING [LOCAL, CANADA] |
| Language of a work |
BND01 |
| Medium of performance for music |
LF1 |
| Field link and sequence number |
20130312 |
| Date of a work |
01 |
| Name of part/section of a work |
OI |
| Miscellaneous information |
35464 |
| 930 #1 - EQUIVALENCE OR CROSS-REFERENCE-UNIFORM TITLE HEADING [LOCAL, CANADA] |
| Language of a work |
BND01 |
| Medium of performance for music |
LF1 |
| Field link and sequence number |
20130312 |
| Date of a work |
01 |
| Name of part/section of a work |
OI |
| Miscellaneous information |
35464 |
| Medium |
e. 2 |
| 942 ## - ADDED ENTRY ELEMENTS (KOHA) |
| Source of classification or shelving scheme |
Dewey Decimal Classification |
| Koha item type |
Libros |
| 945 ## - INFORMACIÓN DE PROCESAMIENTO LOCAL |
| Información de procesamiento local |
Titulo remanejado para la BNPHU |
| 956 ## - LOCAL ELECTRONIC LOCATION AND ACCESS (OCLC) |
| Nombre de host |
YLOCKWARD |
| Número de acceso |
10 |
| Información de compresión |
20130312 |
| Inicio de sesión |
BND01 |
| Procesador de solicitud |
0942 |
| 956 ## - LOCAL ELECTRONIC LOCATION AND ACCESS (OCLC) |
| Nombre de host |
KLANTIGUA |
| Número de acceso |
10 |
| Información de compresión |
20130312 |
| Inicio de sesión |
BND01 |
| Procesador de solicitud |
1458 |